[Event "18th American Continental"]
[Site "Foz do Iguacu BRA"]
[Date "2025.05.30"]
[Round "10.14"]
[White "Hungaski, Robert"]
[Black "Reyes Zavaleta, Fabian Ricardo"]
[Result "1-0"]
[WhiteTitle "GM"]
[BlackTitle "FM"]
[WhiteElo "2477"]
[BlackElo "2299"]
[WhiteFideId "2021030"]
[BlackFideId "3844153"]
[EventDate "2025.05.23"]

1. d4 Nf6 2. Bg5 Ne4 3. Bf4 c5 4. f3 Qa5+ 5. c3 Nf6 6. d5 e6 7. e4 exd5 8. exd5
d6 9. Na3 Be7 10. Nc4 Qc7 11. a4 O-O 12. g4 Re8 13. Kf2 Nbd7 14. Ne2 b5 15. axb5
Bb7 16. Ne3 c4 17. Nd4 Bf8 18. Nc6 a6 19. Bxc4 Qb6 20. Qd4 axb5 21. Rxa8 Rxa8
22. Qxb6 Nxb6 23. Bb3 Nfd7 24. Nb4 Nc5 25. Bc2 g6 26. h4 Na6 27. Nxa6 Rxa6 28.
Bb3 Ra5 29. Rd1 b4 30. cxb4 Rb5 31. Rd4 h6 32. h5 Kh7 33. Bg3 Bg7 34. Rf4 Kg8
35. hxg6 fxg6 36. Re4 Kh7 37. Bxd6 Nxd5 38. Bc4 Nxe3 39. Bxb5 Bxe4 40. Kxe3 Bd5
41. Bd3 Bxb2 42. b5 Kg7 43. b6 Kf6 44. Bc7 Bc1+ 45. Kf2 Ke7 46. Bxg6 Kd7 47.
Bf5+ Kc6 48. Be4 1-0

[Event "18th American Continental"]
[Site "Foz do Iguacu BRA"]
[Date "2025.05.30"]
[Round "10.31"]
[White "Reyes Zavaleta, Cristhian Yamil"]
[Black "Johnson, Joshua"]
[Result "1-0"]
[BlackTitle "FM"]
[WhiteElo "2073"]
[BlackElo "2267"]
[WhiteFideId "3844340"]
[BlackFideId "7700768"]
[EventDate "2025.05.23"]

1. d4 Nf6 2. c4 e6 3. g3 d5 4. Nf3 Bb4+ 5. Bd2 Be7 6. Bg2 O-O 7. O-O Nbd7 8. Qc2
c6 9. Bf4 b6 10. Rd1 Ba6 11. cxd5 cxd5 12. Nc3 b5 13. a4 b4 14. Nb5 Rc8 15. Qb3
Qb6 16. Ne5 Nb8 17. g4 Bb7 18. e3 a6 19. Nc3 Nc6 20. Ne2 Nxe5 21. dxe5 Nd7 22.
a5 Qc7 23. Nc1 Nxe5 24. Nd3 Qc4 25. Qxc4 Nxc4 26. b3 Na3 27. Be5 Rc2 28. Bf1
Rfc8 29. Bd4 Nb5 30. Ne1 Nxd4 31. exd4 R2c3 32. Rab1 g5 33. Rd3 f6 34. f4 gxf4 1-0

[Event "18th American Continental"]
[Site "Foz do Iguacu BRA"]
[Date "2025.05.30"]
[Round "10.32"]
[White "Almeida Junior, Alvaro Alves de"]
[Black "Quintiliano, Renato R."]
[Result "1-0"]
[BlackTitle "GM"]
[WhiteElo "2179"]
[BlackElo "2511"]
[WhiteFideId "2149974"]
[BlackFideId "2117568"]
[EventDate "2025.05.23"]

1. e4 c5 2. Nc3 Nc6 3. Nge2 d6 4. d4 cxd4 5. Nxd4 Nf6 6. Bg5 e6 7. Qd2 a6 8.
O-O-O Bd7 9. Kb1 Be7 10. f3 Nxd4 11. Qxd4 Qc7 12. Be3 h5 13. h4 b5 14. Qb6 Qc8
15. Bf4 Rb8 16. Qa5 Qc7 17. Qb4 e5 18. Bg5 d5 19. Qb3 d4 20. Nd5 Nxd5 21. exd5
Qd6 22. f4 O-O 23. Bxe7 Qxe7 24. Re1 e4 25. Be2 Qc5 26. Bxh5 Rfe8 27. Rhf1 e3
28. f5 Re5 29. d6 Qd5 30. g4 Qxb3 31. axb3 Rb6 32. g5 Rxf5 33. Be2 Rxd6 34. Bd3
Rxf1 35. Rxf1 g6 36. Kc1 Bg4 37. Rf4 Bh5 38. Re4 Kf8 39. c3 dxc3 40. Rxe3 cxb2+
41. Kxb2 Rd4 42. Be4 b4 43. Bb7 Rxh4 44. Bxa6 Rg4 45. Re5 Rg2+ 46. Kc1 Bg4 47.
Bc4 Bf5 48. Rb5 Rxg5 49. Rxb4 Rg1+ 50. Kd2 g5 51. Ke3 Bg6 52. Rb8+ Kg7 53. b4
Rb1 54. b5 f5 55. b6 f4+ 56. Kd4 g4 57. Rg8+ Kh7 58. Rxg6 Kxg6 59. Bd3+ 1-0

[Event "18th American Continental"]
[Site "Foz do Iguacu BRA"]
[Date "2025.05.30"]
[Round "10.33"]
[White "Perez Gormaz, Matias"]
[Black "Cantero, Rodolfo"]
[Result "0-1"]
[WhiteTitle "IM"]
[BlackTitle "CM"]
[WhiteElo "2408"]
[BlackElo "2179"]
[WhiteFideId "3406342"]
[BlackFideId "3703762"]
[EventDate "2025.05.23"]

1. e4 e5 2. Nf3 Nc6 3. Bc4 Nf6 4. d3 Be7 5. O-O O-O 6. Nc3 d6 7. a4 Bg4 8. h3
Bh5 9. Be3 Qc8 10. a5 Kh8 11. Kh1 Nd4 12. Bxd4 exd4 13. Nb1 g5 14. Nbd2 g4 15.
hxg4 Qxg4 16. Rg1 Rg8 17. Nf1 Rg6 18. N1h2 Rh6 19. Qd2 Qg7 20. Nxd4 Ng4 21. Ndf3
Bg5 22. Qe1 Bf4 23. g3 Nxh2 24. Nxh2 Bf3+ 25. Rg2 Qg4 26. Kg1 Qh3 27. Qf1 Rg8
28. Re1 Bxg3 29. fxg3 Rxg3 30. Nxf3 Rxf3 31. Qxf3 Qxf3 32. Ree2 Rf6 33. Re1 c6
34. d4 Rg6 35. Bf1 Rxg2+ 36. Bxg2 Qg3 37. Re2 h5 38. Rf2 Qe3 39. c3 h4 40. Bf1
Kg7 41. Bc4 h3 0-1

[Event "18th American Continental"]
[Site "Foz do Iguacu BRA"]
[Date "2025.05.30"]
[Round "10.34"]
[White "Alboredo, Julia"]
[Black "Filgueiras, Nathan Felipe"]
[Result "1/2-1/2"]
[WhiteTitle "FM"]
[BlackTitle "IM"]
[WhiteElo "2165"]
[BlackElo "2370"]
[WhiteFideId "2124807"]
[BlackFideId "2188562"]
[EventDate "2025.05.23"]

1. e4 e5 2. Nf3 Nc6 3. Bc4 Nf6 4. d3 h6 5. O-O d6 6. a4 g5 7. a5 a6 8. c3 Bg7 9.
Bb3 Bg4 10. Nbd2 Qd7 11. Ba4 O-O 12. Nc4 Qe7 13. b4 Rad8 14. Ne3 Be6 15. Ba3 Nh5
16. Nh4 gxh4 17. Qxh5 Qf6 18. Bc1 h3 19. g3 Ne7 20. c4 c6 21. Bb2 Qg5 22. Qxg5
hxg5 23. g4 Ng6 24. Nf5 d5 25. cxd5 cxd5 26. b5 dxe4 27. bxa6 bxa6 28. dxe4 Rd2 1/2-1/2

[Event "18th American Continental"]
[Site "Foz do Iguacu BRA"]
[Date "2025.05.30"]
[Round "10.35"]
[White "Lira, Suan Bruno Fernandes"]
[Black "Marrujo Pardo, Mauricio Emmanuel"]
[Result "0-1"]
[BlackTitle "FM"]
[WhiteElo "2163"]
[BlackElo "2349"]
[WhiteFideId "22794620"]
[BlackFideId "3943755"]
[EventDate "2025.05.23"]

1. d4 Nf6 2. c4 g6 3. Nc3 Bg7 4. e4 d6 5. Be2 O-O 6. Be3 e5 7. d5 a5 8. h4 Na6
9. g4 Nc5 10. f3 h5 11. g5 Nfd7 12. Bf1 Nb6 13. Qe2 c6 14. Bh3 cxd5 15. cxd5
Nbd7 16. Nb5 Qe7 17. Qc2 b6 18. Ne2 a4 19. Nec3 Ra5 20. Rc1 Ba6 21. Bf1 f5 22.
Qg2 fxe4 23. fxe4 Rf4 24. Bxf4 exf4 25. Nc7 f3 26. Qh3 Bxc3+ 27. bxc3 Qxe4+ 28.
Kf2 Be2 29. Bxe2 Qxe2+ 30. Kg3 Qe3 31. Rhe1 Ne4+ 32. Kh2 Qf4+ 0-1

[Event "18th American Continental"]
[Site "Foz do Iguacu BRA"]
[Date "2025.05.30"]
[Round "10.36"]
[White "Piasetski, Leon"]
[Black "Contreras Huaman, Fiorella"]
[Result "1/2-1/2"]
[WhiteTitle "IM"]
[BlackTitle "WIM"]
[WhiteElo "2153"]
[BlackElo "2341"]
[WhiteFideId "2600072"]
[BlackFideId "3824675"]
[EventDate "2025.05.23"]

1. Nf3 d5 2. e3 Nf6 3. c4 c6 4. b3 Bf5 5. Bb2 e6 6. Nc3 Nbd7 7. Be2 h6 8. d4 Bd6
9. Bd3 Bxd3 10. Qxd3 O-O 11. O-O Bb4 12. Rfd1 Bxc3 13. Bxc3 Ne4 14. Bb4 Re8 15.
Nd2 a5 16. Ba3 f5 17. Nf1 Qh4 18. Qc2 g6 19. f3 Nef6 20. Bd6 Kh7 21. a4 Nh5 22.
Rab1 Qd8 23. Qc3 Nhf6 24. c5 g5 25. b4 axb4 26. Rxb4 Qa5 27. Qb2 Ra7 28. Ra1 Qa6
29. a5 Rc8 30. Qc2 g4 31. Ng3 gxf3 32. gxf3 Rg8 33. Kh1 Kh8 34. Ne2 Raa8 35. Nf4
Rae8 36. Rab1 Rg7 37. Qf2 Qxa5 38. Rxb7 Qc3 39. R7b3 Qc4 40. Nd3 Ra8 41. h3 Kh7
42. Ne5 Qa6 43. Nxd7 Nxd7 44. Bf4 1/2-1/2

[Event "18th American Continental"]
[Site "Foz do Iguacu BRA"]
[Date "2025.05.30"]
[Round "10.37"]
[White "Starke, Bruno Orlando"]
[Black "Valdes Escobar, Alvaro"]
[Result "1/2-1/2"]
[BlackTitle "IM"]
[WhiteElo "2143"]
[BlackElo "2317"]
[WhiteFideId "2128713"]
[BlackFideId "3405451"]
[EventDate "2025.05.23"]

1. Nf3 Nf6 2. c4 e6 3. g3 d5 4. d4 Be7 5. Bg2 O-O 6. O-O Nbd7 7. Nbd2 c6 8. Qc2
b6 9. e4 dxc4 10. Nxc4 Bb7 11. Rd1 c5 12. e5 Nd5 13. dxc5 Nxc5 14. h4 h6 15. Ne3
Rc8 16. Nxd5 Bxd5 17. Qe2 Bc4 18. Qe1 Nd3 19. Qc3 Nxc1 20. Raxc1 Bd5 21. Qe1
Rxc1 22. Rxc1 Qd7 23. a3 Rc8 24. Rxc8+ Qxc8 25. Qd2 Qc4 26. Ne1 Bxg2 27. Kxg2
Qe4+ 28. Nf3 g5 29. hxg5 hxg5 30. Qd4 Qe2 1/2-1/2

[Event "18th American Continental"]
[Site "Foz do Iguacu BRA"]
[Date "2025.05.30"]
[Round "10.38"]
[White "Piccoli, Lucas Fonseca"]
[Black "Arias Diaz, Miguel Angel"]
[Result "1/2-1/2"]
[WhiteElo "2284"]
[BlackElo "2176"]
[WhiteFideId "2190788"]
[BlackFideId "3432742"]
[EventDate "2025.05.23"]

1. e4 c5 2. Nf3 e6 3. d4 cxd4 4. Nxd4 Nf6 5. Nc3 Nc6 6. a3 Be7 7. Be2 O-O 8. O-O
d6 9. Be3 Qc7 10. f4 Nxd4 11. Bxd4 e5 12. Be3 exf4 13. Bxf4 Be6 14. Kh1 a6 15.
Qe1 Nd7 16. Qg3 Ne5 17. Rad1 Rfd8 18. Rd2 Rac8 19. Be3 b5 20. Bd4 Rb8 21. Rfd1
Bf6 22. h3 Qe7 23. b3 Bh4 24. Qh2 Bg5 25. Bxe5 Bxd2 26. Bxg7 Kxg7 27. Rxd2 Qg5
28. Rd3 Kf8 29. Nd1 Qe5 30. Qxe5 dxe5 31. Nb2 Rdc8 32. Rd2 f5 33. Bd3 f4 34. Be2
Rd8 35. Bd3 Kg7 36. Kh2 Kf6 37. Rf2 Rg8 38. Be2 Rbc8 39. Bd3 Ke7 40. Rf3 Bf7 41.
a4 Rb8 42. Rf1 Be8 43. axb5 axb5 44. Ra1 Bc6 45. Ra6 Rg6 46. Ra7+ Kd6 47. Ra5 1/2-1/2

[Event "18th American Continental"]
[Site "Foz do Iguacu BRA"]
[Date "2025.05.30"]
[Round "10.39"]
[White "Villarreal, Agustin"]
[Black "Dauer, Andre Leonardo"]
[Result "1-0"]
[WhiteTitle "FM"]
[BlackTitle "CM"]
[WhiteElo "2272"]
[BlackElo "2138"]
[WhiteFideId "125687"]
[BlackFideId "2126915"]
[EventDate "2025.05.23"]

1. d4 d5 2. c4 e6 3. cxd5 exd5 4. Nc3 Nf6 5. Bg5 Be7 6. e3 c6 7. Bd3 Bg4 8. Qb3
Qb6 9. Qc2 Nbd7 10. h3 Bh5 11. Nge2 Bg6 12. O-O h6 13. Bf4 Bxd3 14. Qxd3 Nf8 15.
Rab1 a5 16. Ng3 g6 17. e4 Ne6 18. Be3 h5 19. e5 Ng8 20. f4 h4 21. f5 Nf8 22.
fxg6 Nxg6 23. e6 O-O-O 24. exf7 hxg3 25. Qxg6 Nf6 26. Rxf6 Bxf6 27. Qxf6 Rdf8
28. Nxd5 Qd8 29. Ne7+ Kb8 30. Qe5+ 1-0

[Event "18th American Continental"]
[Site "Foz do Iguacu BRA"]
[Date "2025.05.30"]
[Round "10.40"]
[White "Bueno, Alfeu Junior Varela"]
[Black "Baules Rodriguez, Jorge Luis"]
[Result "1/2-1/2"]
[WhiteTitle "FM"]
[BlackTitle "IM"]
[WhiteElo "2142"]
[BlackElo "2257"]
[WhiteFideId "2108879"]
[BlackFideId "6600247"]
[EventDate "2025.05.23"]

1. e4 c6 2. d4 d5 3. e5 Bf5 4. Nc3 e6 5. g4 Bg6 6. Nge2 c5 7. Be3 Ne7 8. dxc5
Nec6 9. f4 Nd7 10. Ng3 d4 11. Bxd4 Nxd4 12. Qxd4 Bxc5 13. Qa4 Qe7 14. O-O-O
O-O-O 15. Bb5 Be3+ 16. Kb1 Nb6 17. Qxa7 Qb4 1/2-1/2

[Event "18th American Continental"]
[Site "Foz do Iguacu BRA"]
[Date "2025.05.30"]
[Round "10.41"]
[White "Heredia Serrano, Carla"]
[Black "Pierrot, Facundo"]
[Result "0-1"]
[WhiteTitle "WGM"]
[BlackTitle "IM"]
[WhiteElo "2114"]
[BlackElo "2253"]
[WhiteFideId "3603687"]
[BlackFideId "103250"]
[EventDate "2025.05.23"]

1. e4 d6 2. d4 Nf6 3. Nc3 g6 4. Nf3 Bg7 5. h3 O-O 6. Be3 a6 7. a4 Nc6 8. Qd2 b6
9. O-O-O b5 10. e5 dxe5 11. dxe5 Qxd2+ 12. Rxd2 b4 13. Nd5 Nxd5 14. Rxd5 Bb7 15.
Bc5 Rfd8 16. Bc4 e6 17. Rxd8+ Rxd8 18. Re1 Na5 19. Bf1 Bh6+ 20. Kb1 Bf8 21. Bxf8
Kxf8 22. Kc1 Ke7 23. Ng5 Rd4 24. b3 h6 25. Nf3 Rd5 26. Nd2 g5 27. Nc4 Nxc4 28.
Bxc4 Rd4 29. f3 a5 30. Rd1 Rf4 31. Rd3 h5 32. c3 c5 33. Bb5 Bc8 34. cxb4 cxb4
35. Kd2 Rf5 36. Re3 Bb7 37. Kd3 Rf4 38. Ke2 Bd5 39. Rd3 Rf5 40. Re3 Kd8 41. g3
g4 42. hxg4 hxg4 43. f4 Rh5 44. Kd2 Rh2+ 45. Re2 Rxe2+ 46. Kxe2 Bxb3 47. Ke3 Bc2
48. Kd4 Kc7 49. Be8 Bg6 50. Kc4 Kd8 51. Bb5 Bc2 52. Kd4 Ke7 53. Bc6 f6 54. exf6+
Kxf6 55. Bd7 Ke7 56. Bb5 Kd6 57. Be8 Bd1 58. Bb5 Bf3 59. Be8 Bc6 60. Bh5 Bxa4 0-1

[Event "18th American Continental"]
[Site "Foz do Iguacu BRA"]
[Date "2025.05.30"]
[Round "10.42"]
[White "De Oliveira, Yuri Garcia"]
[Black "Rodrigues, Edgar"]
[Result "0-1"]
[BlackTitle "FM"]
[WhiteElo "2001"]
[BlackElo "2245"]
[WhiteFideId "22762000"]
[BlackFideId "2107090"]
[EventDate "2025.05.23"]

1. c4 Nf6 2. Nf3 g6 3. Nc3 Bg7 4. e4 d6 5. d4 O-O 6. Be2 Na6 7. Be3 c6 8. O-O
Ng4 9. Bg5 f6 10. Bh4 h5 11. h3 Nh6 12. Bg3 e5 13. Rc1 Nf7 14. a3 Nc7 15. b4 Ne6
16. d5 Nf4 17. Bxf4 exf4 18. Nd4 Ne5 19. dxc6 bxc6 20. b5 cxb5 21. Ndxb5 Nf7 22.
e5 fxe5 23. Bf3 Rb8 24. Nxa7 Bb7 25. Nc6 Bxc6 26. Bxc6 Kh7 27. Bd5 Qh4 28. Bf3
Rb2 29. Ne4 Rfb8 30. Qd3 R2b3 31. Rc3 Rb2 32. a4 Kh6 33. Qd5 Qe7 34. Rd1 Bf8 35.
Qd3 Qa7 36. Ra3 d5 37. cxd5 Bxa3 38. Qxa3 R8b4 39. d6 Qxa4 40. Qxa4 Rxa4 41. Nc5
Rd4 42. Rxd4 exd4 43. d7 Rb1+ 44. Kh2 Nd8 45. Nb7 Rxb7 46. Bxb7 0-1

[Event "18th American Continental"]
[Site "Foz do Iguacu BRA"]
[Date "2025.05.30"]
[Round "10.43"]
[White "Zallio, Luciano de Souza"]
[Black "Azevedo Junior, Jose Ferreira"]
[Result "1/2-1/2"]
[WhiteTitle "CM"]
[WhiteElo "2243"]
[BlackElo "2102"]
[WhiteFideId "2109700"]
[BlackFideId "2127326"]
[EventDate "2025.05.23"]

1. Nf3 d5 2. b3 c5 3. Bb2 Nc6 4. e3 Bf5 5. a3 Nf6 6. d4 e6 7. Nbd2 Be7 8. Be2
O-O 9. O-O Rc8 10. Rc1 a6 11. c4 dxc4 12. Nxc4 cxd4 13. Nxd4 Nxd4 14. Qxd4 b5
15. Ne5 Qxd4 16. exd4 Be4 17. Nd3 Bxd3 18. Bxd3 Nd5 19. g3 Rfd8 20. Rfd1 f5 21.
Be2 g5 22. h3 Kf7 23. Bf3 Bd6 24. Kf1 Kg6 25. Re1 Kf6 26. Ke2 a5 27. Kd2 Kf7 28.
Rxc8 Rxc8 29. Rc1 Rxc1 30. Kxc1 Ke7 31. Kc2 Kd7 32. Kd3 Nb6 33. Bc3 a4 34. Ba5
Nd5 35. bxa4 bxa4 36. Bd1 Bxa3 37. Bxa4+ Ke7 38. Kc4 h5 39. Bc2 Nf6 40. Bd2 g4
41. h4 Ne8 42. Bg5+ Kf7 43. Ba4 Nf6 44. Bxf6 Kxf6 45. Be8 Bc1 46. Bxh5 Bd2 47.
Kd3 Be1 48. Ke2 Bc3 49. Ke3 Ba5 50. Be8 Bb6 51. Kd3 Ke7 1/2-1/2

[Event "18th American Continental"]
[Site "Foz do Iguacu BRA"]
[Date "2025.05.30"]
[Round "10.44"]
[White "Terao, Juliana Sayumi"]
[Black "Souza, Rafael Cabral De"]
[Result "1-0"]
[WhiteTitle "FM"]
[WhiteElo "2229"]
[BlackElo "2122"]
[WhiteFideId "2109220"]
[BlackFideId "2124068"]
[EventDate "2025.05.23"]

1. e4 e5 2. Nf3 Nc6 3. Bb5 a6 4. Ba4 Nf6 5. d3 Bc5 6. O-O b5 7. Bb3 O-O 8. Bg5
h6 9. Bh4 d6 10. c3 Bb6 11. Nbd2 Na5 12. Bc2 c5 13. Re1 Nc6 14. Nf1 Be6 15. h3
Kh8 16. Ne3 g5 17. Bg3 Rg8 18. a4 Rb8 19. axb5 axb5 20. Nh2 h5 21. h4 Ng4 22.
Nhxg4 hxg4 23. h5 Qd7 24. Bb3 c4 25. Bc2 Bxe3 26. Rxe3 f6 27. d4 Bf7 28. dxe5
fxe5 29. Re2 Bxh5 30. Rd2 Rg6 31. Rd5 Qc7 32. Qd2 Ne7 33. Rxd6 Qxd6 34. Qxd6
Rxd6 35. Bxe5+ Kg8 36. Bxd6 Rb7 37. e5 Be8 38. Kh2 Nc8 39. Bb4 Rf7 40. Kg3 Bd7
41. Ra6 Ne7 42. e6 1-0

[Event "18th American Continental"]
[Site "Foz do Iguacu BRA"]
[Date "2025.05.30"]
[Round "10.45"]
[White "Raimundo, Airton Carlos Nunes"]
[Black "Nemeth Junior, Henrique"]
[Result "0-1"]
[WhiteElo "1975"]
[BlackElo "2189"]
[WhiteFideId "2114526"]
[BlackFideId "2118815"]
[EventDate "2025.05.23"]

1. e4 c5 2. Nc3 d6 3. d4 cxd4 4. Qxd4 Nc6 5. Qd2 g6 6. b3 Bh6 7. f4 Nf6 8. Bb2
O-O 9. O-O-O e5 10. Qxd6 Bxf4+ 11. Kb1 Bg4 12. Be2 Nd4 13. Rxd4 exd4 14. Qxf4
dxc3 15. Bxc3 Bxe2 16. Bxf6 Qd1+ 17. Kb2 Rfc8 18. c3 Rd8 19. Ka3 Qd6+ 20. Qxd6
Rxd6 21. Bd4 Bf1 22. h4 Bxg2 23. Rh2 Bxe4 24. h5 Rad8 25. Ne2 Bf3 26. h6 f5 27.
Ng1 Bg4 28. Ne2 Kf7 29. Kb4 Bxe2 30. Rxe2 Rxd4+ 31. cxd4 Rxd4+ 32. Kc5 Rd7 33.
a4 f4 34. a5 g5 35. b4 f3 36. Re3 Kg6 37. Rxf3 Kxh6 38. b5 g4 0-1

[Event "18th American Continental"]
[Site "Foz do Iguacu BRA"]
[Date "2025.05.30"]
[Round "10.46"]
[White "Mayta Aiza, Maveric"]
[Black "Fiaes, Mario Henrique Andrade"]
[Result "1-0"]
[WhiteTitle "CM"]
[WhiteElo "2184"]
[BlackElo "2106"]
[WhiteFideId "3307336"]
[BlackFideId "2108690"]
[EventDate "2025.05.23"]

1. e4 e5 2. Nf3 Nc6 3. Bb5 Nge7 4. O-O a6 5. Ba4 Ng6 6. Re1 Be7 7. c3 O-O 8. d4
Bf6 9. Bb3 d5 10. h3 Qe7 11. Nbd2 Nd8 12. Nf1 Bh4 13. Nxh4 Qxh4 14. Ng3 Ne6 15.
Bc2 Nef4 16. Nf5 Qf6 17. Kh2 c6 18. g3 1-0

[Event "18th American Continental"]
[Site "Foz do Iguacu BRA"]
[Date "2025.05.30"]
[Round "10.96"]
[White "Lugo Martinez, Jimena Sofia"]
[Black "Conor, Gilberto Bordignon"]
[Result "1/2-1/2"]
[WhiteElo "1734"]
[BlackElo "1813"]
[WhiteFideId "3710793"]
[BlackFideId "22782770"]
[EventDate "2025.05.23"]

1. e4 c6 2. d4 d5 3. exd5 cxd5 4. c4 Nf6 5. Nc3 e6 6. Bg5 Bb4 7. Nf3 Qa5 8. Bd2
Ne4 9. Nxe4 dxe4 10. Bxb4 Qxb4+ 11. Qd2 Nc6 12. d5 exf3 13. dxc6 Qxd2+ 14. Kxd2
bxc6 15. gxf3 c5 16. Rd1 Bb7 17. Be2 Ke7 18. Rhg1 Kf6 19. Kc3 Rhd8 20. a3 a5 21.
Rxd8 Rxd8 22. Rd1 Rxd1 23. Bxd1 Ke5 24. b4 axb4+ 25. axb4 Kd6 26. b5 g5 27. Kd2
f5 28. Ke3 Ke5 29. Be2 h5 30. h3 h4 31. Bd1 f4+ 32. Kd3 Kd6 33. Ke2 Bc8 34. Kf1
e5 35. Kg2 Be6 36. Be2 Kc7 37. Bd3 Kb6 38. Kh2 Ka5 39. Kg2 Kb6 40. Kh2 Kc7 41.
Kg2 Kd6 42. Kh2 1/2-1/2

[Event "18th American Continental"]
[Site "Foz do Iguacu BRA"]
[Date "2025.05.30"]
[Round "10.97"]
[White "Moccero, Eduardo"]
[Black "Pereira Fo, Hildebrando Apolonio"]
[Result "1/2-1/2"]
[WhiteElo "1804"]
[BlackElo "1620"]
[WhiteFideId "103373"]
[BlackFideId "2139510"]
[EventDate "2025.05.23"]

1. d4 Nf6 2. Nf3 e6 3. Nbd2 c5 4. e3 Nc6 5. c3 a6 6. Bd3 b5 7. O-O Bb7 8. Qe2 c4
9. Bc2 d5 10. e4 dxe4 11. Nxe4 Nxe4 12. Bxe4 Be7 13. Bf4 Bf6 14. d5 exd5 15.
Bxd5+ Qe7 16. Qxe7+ Bxe7 17. Rfe1 Rd8 18. Bxc6+ Bxc6 19. Nd4 Rxd4 20. cxd4 Kd7
21. Rad1 g5 22. Bd2 f6 23. a3 Bd5 24. f3 h5 25. Re3 Rd8 26. Rde1 a5 27. Kf2 Rg8
28. g3 Bf7 29. R1e2 Be6 30. Bc3 Bd5 31. Kg2 Kd6 32. Re4 Kd7 1/2-1/2

[Event "18th American Continental"]
[Site "Foz do Iguacu BRA"]
[Date "2025.05.30"]
[Round "10.98"]
[White "Orlandi Neto, Aristides"]
[Black "Britez, G Jorge A"]
[Result "0-1"]
[WhiteElo "1704"]
[BlackElo "1764"]
[WhiteFideId "2133970"]
[BlackFideId "3700585"]
[EventDate "2025.05.23"]

1. d4 Nf6 2. Nf3 e6 3. Bf4 c5 4. c3 Qb6 5. Qb3 Nc6 6. Nbd2 d5 7. e3 Be7 8. Bb5
O-O 9. Bxc6 bxc6 10. Qxb6 axb6 11. O-O cxd4 12. exd4 c5 13. Rfe1 Bb7 14. h3 Rfc8
15. Be5 Nd7 16. Bg3 Rc6 17. a3 Bd6 18. Bxd6 Rxd6 19. dxc5 bxc5 20. b4 Rda6 21.
Nb1 cxb4 22. cxb4 Ra4 23. b5 Nb6 24. Ne5 Nc4 25. Nxc4 Rxc4 26. Nd2 Rc2 27. Nb3
Rc3 28. Reb1 Ra4 29. Rb2 e5 30. Rba2 Rxb3 31. Rc2 Rxb5 32. Rc7 Kf8 33. f4 e4 34.
f5 Rc4 35. Rxc4 dxc4 36. a4 Rc5 37. Kf2 c3 38. Ke3 c2 39. Kd2 c1=Q+ 40. Rxc1
Rxc1 41. Kxc1 e3 42. g3 Ke7 43. Kd1 Ba6 44. g4 Kf6 45. h4 Ke5 0-1

[Event "18th American Continental"]
[Site "Foz do Iguacu BRA"]
[Date "2025.05.30"]
[Round "10.99"]
[White "Zottis, Pietro"]
[Black "Galeano Rolin, Mateo Josias"]
[Result "1/2-1/2"]
[WhiteElo "1757"]
[BlackElo "1502"]
[WhiteFideId "22746838"]
[BlackFideId "3716171"]
[EventDate "2025.05.23"]

1. d4 Nf6 2. c4 e6 3. Nc3 d5 4. cxd5 exd5 5. Bg5 c6 6. e3 h6 7. Bh4 Bd6 8. Bd3
Be6 9. Nge2 Nbd7 10. Bg3 Qc7 11. Rc1 Bxg3 12. Nxg3 Qd6 13. O-O O-O 14. Rb1 a6
15. b4 b5 16. a4 Rfe8 17. a5 Nf8 18. Qd2 Qd7 19. f3 N8h7 20. Bc2 Rad8 21. Rbd1
Qe7 22. Nce2 Bc8 23. e4 dxe4 24. fxe4 Bg4 25. e5 Nd5 26. Rb1 Bxe2 27. Nxe2 Ng5
28. Ng3 Ne6 29. Ne4 Qa7 30. Rbd1 Qe7 31. Kh1 Rf8 32. Nf6+ Kh8 33. Qd3 g6 34. Qd2
Kg7 35. Nxd5 Rxd5 36. Qc3 Qb7 37. Be4 Ng5 38. Bxd5 cxd5 39. Rc1 Qe7 40. Qc5 Qe6
41. Qc6 Qg4 42. Qxd5 Qh4 43. e6 Ne4 44. exf7 Ng3+ 45. Kg1 1/2-1/2

[Event "18th American Continental"]
[Site "Foz do Iguacu BRA"]
[Date "2025.05.30"]
[Round "10.100"]
[White "Dos Santos, Gabriel Conte"]
[Black "Vieira, Luana Saddi"]
[Result "0-1"]
[WhiteElo "1543"]
[BlackElo "1716"]
[WhiteFideId "22776389"]
[BlackFideId "22738762"]
[EventDate "2025.05.23"]

1. d4 Nf6 2. Nf3 g6 3. e3 Bg7 4. Be2 O-O 5. O-O d6 6. c4 c6 7. Nc3 a5 8. e4 Na6
9. e5 dxe5 10. Nxe5 Be6 11. Bf4 Qb6 12. Na4 Qd8 13. Rc1 Ne4 14. f3 Nd6 15. c5
Nf5 16. d5 Bxd5 17. Nb6 Bxe5 18. Bxe5 Ra7 19. Qd2 f6 20. Bf4 e5 21. Be3 Bxa2 22.
Qxa5 Nxe3 23. Qxa2+ Kg7 24. Rfe1 Qd4 25. Kh1 Re8 26. Qa3 Qd2 27. Bf1 Nxf1 28.
Rxf1 Rd8 29. Qb3 Qg5 30. Rc2 Nc7 31. Nc4 Nb5 32. Nd6 Nxd6 33. cxd6 Qf5 34. Qb6
Rd7 35. Rd2 Ra6 36. Qb3 e4 37. Re1 exf3 38. gxf3 Qh3 39. Rdd1 Ra8 40. Qe3 Rad8
41. Kg1 Qf5 42. Kf2 Qc2+ 43. Rd2 Qc4 44. b3 Qf7 45. Qb6 Rxd6 46. Qxd8 Rxd8 47.
Rxd8 Qxb3 48. Rd7+ Kh6 49. Ree7 Qc2+ 50. Kg3 b5 51. Rxh7+ Kg5 52. h4+ Kf5 53. h5
Qc1 54. Rd4 Qg1+ 0-1